Spoločenská zodpovednosť podniku bakalárska práca

Guardado en:
Detalles Bibliográficos
Autor principal: Ježík, Peter
Autor Corporativo: Obchodná fakulta EU. Katedra marketingu
Otros Autores: Okasová, Zuzana, 1988-
Formato: Libro
Lenguaje:eslovaco
Publicado: Bratislava 2018
Etiquetas: Agregar Etiqueta
Sin Etiquetas, Sea el primero en etiquetar este registro!

MARC

LEADER 00000nbm a2200000 4500
001 0245128
005 20180815084419.5
041 0 |a slo 
044 |a SK 
245 1 0 |a Spoločenská zodpovednosť podniku  |b bakalárska práca  |c Peter Ježík ; školiteľ: Zuzana Okasová 
264 1 |a Bratislava  |c 2018 
300 |a 54 s. 
100 1 |a Ježík, Peter 
700 1 |a Okasová, Zuzana, 1988- 
710 2 |a Obchodná fakulta EU. Katedra marketingu